000 00715nam a2200241Ia 4500
003 OSt
005 20220926012306.0
006 a|||||r|||| 00| 0
007 ta
008 220923b |||||||| |||| 00| 0 eng d
020 _a9780521880107
037 _cGeneral Book
040 _aRTL
_cRTL
_beng
041 _2eng
_aeng
082 _aU287: (G:55), P7/RR
100 _aPARRY Martin
_9280291
245 0 _aClimate Change 2007
_b Impacts, adaptation and vulnerability
260 _aNew York
_bCambridge University Press
_c2007
300 _aix; 976p.
_ccm.
500 _aBibliography: P 236-54
942 _hU287: (G:55), P7/RR
_cGB
_2CC
999 _c622399
_d622399